Poesía moderna : Tahar Ben Jelun /

Guardat en:
Dades bibliogràfiques
Autor principal: Ben Jelloun, Tahar (autor)
Altres autors: López Morales, Laura (selección) (selección)
Format: Llibre
Idioma:espanyol
Publicat: México : UNAM, Coordinación de Difusión Cultural, 1991, c1991
Col·lecció:(Material de Lectura. Poesía Moderna ; 161)
Matèries:
Etiquetes: Afegir etiqueta
Sense etiquetes, Sigues el primer a etiquetar aquest registre!

MARC

LEADER 00000nam^a2200000^a^4500
001 000194074
005 20250521000000.0
009 20260310102704.673
020 |a 968-36-1791-3 
025 |a Donación sin dato, 1 ejemplar 
037 |a Acervo ITESO - Biblioteca 
041 |a ESP 
082 |a 808. 8  |b MAT POE V. 161 
100 |a Ben Jelloun, Tahar  |e (autor) 
240 1 1 |a [Poesía moderna] 
245 1 0 |a Poesía moderna :  |b Tahar Ben Jelun /  |c T. Ben Jelloun ; selec., introd. y tr. por L. López Morales. 
264 4 |a México :  |b UNAM, Coordinación de Difusión Cultural,  |c 1991, c1991 
300 |a 31 p. 
336 |a texto  |b txt  |2 rdacontenido 
337 |a sin mediación  |b n  |2 rdamedio 
338 |a volumen  |b nc  |2 rdasoporte 
440 1 |a (Material de Lectura.  |p Poesía Moderna ;  |v 161) 
545 0 |a Nacido en Fez en 1944, Tahar Ben Jelloun es un destacado escritor árabe en lengua francesa. Formado en filosofía en la Universidad Mohamed V de Rabat, se trasladó a Francia en 1971 y ahí se doctoró en psiquiatría, profesión que ejerció por algún tiempo. Cultivador tanto de la poesía como de la novela y el ensayo, sus textos narrativos son una referencia recurrente a su cultura de origen, pero también a la soledad de la sociedad occidental contemporánea. La escritura de Ben Jelloun, que formalmente bebe de la tradición oral árabe, reflexiona sobre la identidad del mundo árabe-musulmán y cuestiona también las desviaciones fundamentalistas que ocurren en él. Algunas de sus obras son: Harrouda (1973), La más alta soledad (1977), Moha el loco, Moha el sabio (1978), El niño de arena (1985), La noche sagrada (1987), El levantamiento de las cenizas (1991), La noche del pecado (1997), Elogio de la amistad (1994), El hombre roto (1994), Los náufragos del amor (1997), Papá, ¿qué es el racismo? (1997), El islam explicado a nuestros hijos (2002), Mi madre (2008), La primavera árabe: el despertar de la dignidad (2011) y La felicidad conyugal (2012), entre otras. Ha recibido reconocimientos tan destacados como el Premio Goncourt (1987), el Premio Global Tolerance concedido por la ONU (1998) y el Premio de la Paz Erich Maria Remarque ((2011). 
649 |a XX 
650 |a Poesía Marroquí 
650 |a Poesía Arabe 
650 |a Literatura Marroquí -  |y Siglo XX 
650 |a Literatura Arabe -  |y Siglo XX 
650 |a Literatura en Francés 
700 |a López Morales, Laura  |e (selección) 
910 |a Fondo General 
920 |a Impresos - Libros 
930 |a Colección General 
940 |a Literatura 
905 |a 101 
901 |a 0500139221  |b IT1  |c LIT  |i D  |u 20250521 
902 |a https://opac.biblio.iteso.mx/vufind/Record/000194074